Phòng ngừa và điều trị hiệu quả bệnh tim mạch

Nội dung sách không dành riêng cho người bệnh tim mạch hoặc đang có người thân bệnh đó, mà sách muốn trở thành cẩm nang thân thiết với bạn hiện chưa mắc bệnh tim mạch, muốn giải bày với bạn một số cách thức phòng chống thông qua sự chu...

وصف كامل

محفوظ في:
التفاصيل البيبلوغرافية
المؤلف الرئيسي: Nguyễn Huy Dung
التنسيق: كتاب
اللغة:Vietnamese
منشور في: Thành phố Hồ Chí Minh Phụ nữ 2008
الطبعة:Tái bản có sửa chữa bổ sung cập nhật toàn diện
الموضوعات:
الوسوم: إضافة وسم
لا توجد وسوم, كن أول من يضع وسما على هذه التسجيلة!
Thư viện lưu trữ: Thư viện Trường Đại học Nam Cần Thơ
LEADER 01305nam a22002057a 4500
001 NCT_150697
008 230602b xxu||||| |||| 00| 0 vie d
999 |c 7788  |d 7788 
020 |a 8935069906883  |c 50000 
082 0 4 |2 23rd ed.  |a 616.1  |b D513 
100 1 |a Nguyễn Huy Dung 
245 1 0 |a Phòng ngừa và điều trị hiệu quả bệnh tim mạch  |c Nguyễn Huy Dung 
250 |a Tái bản có sửa chữa bổ sung cập nhật toàn diện 
260 |a Thành phố Hồ Chí Minh   |b Phụ nữ  |c 2008 
300 |a 311 tr.  |b minh họa  |c 21cm 
520 3 |a Nội dung sách không dành riêng cho người bệnh tim mạch hoặc đang có người thân bệnh đó, mà sách muốn trở thành cẩm nang thân thiết với bạn hiện chưa mắc bệnh tim mạch, muốn giải bày với bạn một số cách thức phòng chống thông qua sự chủ động tự giáo dục sức khỏe, làm chủ vận mệnh mình 
653 |a Y đa khoa 
942 |2 ddc  |c BK 
952 |0 0  |1 0  |2 ddc  |4 0  |6 616_100000000000000_D513  |7 0  |9 27777  |a 000001  |b 000001  |d 2023-06-02  |o 616.1 D513  |p MD.21860  |r 2023-06-02  |v 50000.00  |w 2023-06-02  |y BK 
980 |a Thư viện Trường Đại học Nam Cần Thơ